Les questions ouvrières (Record no. 159654)

MARC details
000 -LEADER
campo de control de longitud fija 00828nam a22002175i 4500
001 - NÚMERO DE CONTROL
campo de control 159654
003 - IDENTIFICADOR DE NÚMERO DE CONTROL
campo de control ES-MaACL
005 - FECHA Y HORA DE LA ÚLTIMA TRANSACCIÓN
campo de control 20250826005519.0
008 - DATOS DE LONGITUD FIJA--INFORMACIÓN GENERAL
campo de control de longitud fija 981230s1894 fr |||| | fre d
040 ## - FUENTE DE CATALOGACIÓN
Centro catalogador/agencia de origen CCPB | B
Lengua de catalogación spa
Centro/agencia transcriptor CCPB | B
100 1# - ENTRADA PRINCIPAL--NOMBRE DE PERSONA
Nombre de persona Milhaud, Léon.
9 (RLIN) 129921
245 14 - MENCIÓN DEL TÍTULO
Título Les questions ouvrières
Resto del título : les réformes possibles et pratiques dans les questions ouvrières /
Mención de responsabilidad, etc. par Léon Milhaud.
260 ## - PUBLICACIÓN, DISTRIBUCIÓN, ETC.
Lugar de publicación, distribución, etc. Paris :
Nombre del editor, distribuidor, etc. V. Giard & Brière,
Fecha de publicación, distribución, etc. 1894.
300 ## - DESCRIPCIÓN FÍSICA
Extensión 202 p. ;
Dimensiones 18 cm.
490 1# - MENCIÓN DE SERIE
Mención de serie Petite encyclopédie sociale, économique et financière ;
Designación de volumen o secuencia 11
650 #7 - PUNTO DE ACCESO ADICIONAL DE MATERIA--TÉRMINO DE MATERIA
Término de materia o nombre geográfico como elemento de entrada Movimiento obrero
Fuente del encabezamiento o término embne
9 (RLIN) 15207
752 ## - ENTRADA AGREGADA--NOMBRE JERÁRQUICO DEL LUGAR
País o entidad superior Francia -
Ciudad París
830 0# - PUNTO DE ACCESO ADICIONAL DE SERIE-TÍTULO UNIFORME
Título uniforme Petite encyclopédie sociale, économique et financière ;
Designación de volumen o secuencia 11
9 (RLIN) 221958
852 ## - LOCALIZACIÓN
Ubicación ES-MaACL
Número de control de estantería F-10586
Nota libre -- Enc. hol.
Holdings
Estatus retirado Estado de pérdida Estado de daño No para préstamo Colección Biblioteca de origen Biblioteca actual Ubicación en estantería Fecha de adquisición Fuente de adquisición Total de préstamos Signatura topográfica completa Código de barras Visto por última vez Precio de reemplazo Tipo de ítem Koha
        Libros del s. XIX Biblioteca del Ateneo de Madrid Biblioteca del Ateneo de Madrid Sala Pecera Planta 2 17/01/2008     F-10586 1167140 23/02/2023 23/02/2023 Libro impreso antiguo